Effect of betaine in concentrate feed on growth performent of quail at experimental station in royal university of agriculture; ប្រសិទ្ធភាពនៃការបន្ថែមម្សៅ Betaine ក្នុងចំណីផ្សំលើការលូតលាស់របស់ក្រួចសាច់នៅស្ថានីយពិសោធន៏សត្វ នៃសាកលវិទ្យាល័យភូមិន្ទកសិកម្ម (Record no. 7364)

000 -LEADER
fixed length control field 00858nam a22001337a 4500
040 ## - CATALOGING SOURCE
Transcribing agency RUA
082 ## - DEWEY DECIMAL CLASSIFICATION NUMBER
Classification number ANS SOU 2014 B445 Or.1
100 ## - MAIN ENTRY--AUTHOR NAME
Personal name SOUNG SORIYA; សួង សូរិយា
245 ## - TITLE STATEMENT
Title Effect of betaine in concentrate feed on growth performent of quail at experimental station in royal university of agriculture; ប្រសិទ្ធភាពនៃការបន្ថែមម្សៅ Betaine ក្នុងចំណីផ្សំលើការលូតលាស់របស់ក្រួចសាច់នៅស្ថានីយពិសោធន៏សត្វ នៃសាកលវិទ្យាល័យភូមិន្ទកសិកម្ម
260 ## - PUBLICATION, DISTRIBUTION, ETC. (IMPRINT)
Place of publication Phnom Penh
Name of publisher RUA
Year of publication 2014
300 ## - PHYSICAL DESCRIPTION
Number of Pages x;44p.
Other physical details ill.
Dimensions 29cm.
856 ## - ELECTRONIC LOCATION AND ACCESS
Uniform Resource Identifier https://drive.google.com/file/d/1-tX5SnZErN9-ZGXmnSnNanC-aZhDlo4l/view?usp=sharing
942 ## - ADDED ENTRY ELEMENTS (KOHA)
Koha item type ANS
952 ## - LOCATION AND ITEM INFORMATION (KOHA)
Withdrawn status [LOCAL, KOHA] 0
952 ## - LOCATION AND ITEM INFORMATION (KOHA)
Withdrawn status [LOCAL, KOHA] 0
952 ## - LOCATION AND ITEM INFORMATION (KOHA)
Withdrawn status [LOCAL, KOHA] 0
952 ## - LOCATION AND ITEM INFORMATION (KOHA)
Withdrawn status [LOCAL, KOHA] 0
952 ## - LOCATION AND ITEM INFORMATION (KOHA)
Withdrawn status [LOCAL, KOHA] 0
952 ## - LOCATION AND ITEM INFORMATION (KOHA)
Withdrawn status [LOCAL, KOHA] 0
952 ## - LOCATION AND ITEM INFORMATION (KOHA)
Withdrawn status [LOCAL, KOHA] 0
952 ## - LOCATION AND ITEM INFORMATION (KOHA)
Withdrawn status [LOCAL, KOHA] 0
952 ## - LOCATION AND ITEM INFORMATION (KOHA)
Withdrawn status [LOCAL, KOHA] 0
952 ## - LOCATION AND ITEM INFORMATION (KOHA)
Withdrawn status [LOCAL, KOHA] 0
Holdings
Permanent Location Date acquired Koha item type Lost status Shelving location Barcode Current Location Full call number
Library Block B2016-03-03ANS B445RUA054395Library Block BANS SOU 2014 B445 Or.1
Library Block B2016-03-03ANS B445RUA054246Library Block BANS SOU 2014 B445 Or.2
Library Block B2016-03-03ANS B445RUA054566Library Block BANS SOU 2014 B445 Or.3
Library Block B2016-03-03ANS B445RUA054507Library Block BANS SOU 2014 B445 Or.4
Library Block B2016-03-03ANS B445RUA054266Library Block BANS SOU 2014 B445 Or.5
Library Block B2016-03-03ANS B445RUA054384Library Block BANS SOU 2014 B445 Or.6
Library Block B2016-03-03ANS B445RUA054447Library Block BANS SOU 2014 B445 Or.7
Library Block B2016-03-03ANS B445RUA054040Library Block BANS SOU 2014 B445 Or.8
Library Block B2021-12-08ANS B479a065955Library Block BANS PHO 2015 B479 Or.1
Library Block B2021-12-08ANS B479a065895Library Block BANS PHO 2015 B479 Or.1
មជ្ឈមណ្ឌលឯការនៃសាកលវិទ្យាល័យភូមិន្ទកសិកម្មចំការដូង

Powered by Koha